000 00944nas a2200277 4500
001 BR8400266
003 BR-BrBNA
005 20231205085743.0
007 ta
008 230509b bl.|||p| |||| 00| 00por d
040 _aBR-BrBNA
_bpor
_cBiblioteca Nacional de Agricultura
041 _a(Pt)
072 _aH20
100 1 _aDuarte, M.L.R.
100 1 _aOsano, S.
100 1 _aAlbuquerque, F.C.
245 1 _aEstudo comparativo das caracteristicas morfologicas e fisiologicas de dois isolamentos de Corynespora cassiicola [fungo]
246 1 _aComparative study of physiologic and morphologic characteristics of two Corynespora cassiicola [fungus]
650 _aFUNGO
650 _aRACA FISIOLOGICA
650 _aHOSPEDEIRO
650 _aESPORULACAO
773 0 _tFitopatologia Brasileira (Brazil)
_xISSN 0100-4158
_g(Jun 1983), v. 8(2) p. 205-214
_wBR8400266
909 _a202311
_bLúcia
_c55
_dLúcia Elande
942 _2AGRIS
_n0
_cANA
999 _c113572
_d113572